Statistics for Regions of Countries by Location Quiz

Click here to take the quiz!

General Stats

  • This quiz has been taken 47 times
  • The average score is 6 of 20

Answer Stats

Answer % Correct
Brittany
88%
Nova Scotia
76%
Galicia
69%
Victoria
64%
Calabria
50%
North Rhine-Westphalia
40%
Western Cape
33%
Lapland
33%
Guangdong
29%
Sarawak
24%
Para
21%
Baluchistan
21%
Oaxaca
21%
Karnataka
14%
West Kalimantan
12%
Bolivar
12%
Eastern Province
10%
Republica Srpska
7%
Bashkortostan
7%
West Azerbaijan
5%

Score Distribution

Percentile by Number Answered

Percent of People with Each Score

Your Score History

You have not taken this quiz